The messenger : (Record no. 542376)

000 -LEADER
fixed length control field 00517cam a2200157 a 4500
020 ## - INTERNATIONAL STANDARD BOOK NUMBER
International Standard Book Number 0141028556 (pbk.)
020 ## - INTERNATIONAL STANDARD BOOK NUMBER
International Standard Book Number 9780141028552 (pbk.)
082 00 - DEWEY DECIMAL CLASSIFICATION NUMBER
Classification number 297.63
Author Mark TAR
-- N-01,P-185
100 1# - MAIN ENTRY--PERSONAL NAME
Personal name Ramadan, Tariq.
9 (RLIN) 22945
245 14 - TITLE STATEMENT
Title The messenger :
Remainder of title the meanings of the life of Muhammad /
Statement of responsibility, etc. Tariq Ramadan.
260 ## - PUBLICATION, DISTRIBUTION, ETC.
Place of publication, distribution, etc. London :
Name of publisher, distributor, etc. Penguin Books,
Date of publication, distribution, etc. 2008.
300 ## - PHYSICAL DESCRIPTION
Extent xii, 242 ;
Dimensions 20 cm.
500 ## - GENERAL NOTE
General note Originally published: London : Allen Lane, 2007.
526 ## - STUDY PROGRAM INFORMATION NOTE
Program name 0
Interest level 0
Reading level 0
Title point value 297_630000000000000_TAR
942 ## - ADDED ENTRY ELEMENTS (KOHA)
Source of classification or shelving scheme
Koha item type Book
Holdings
Withdrawn status Lost status Source of classification or shelving scheme Damaged status Not for loan Permanent Location Current Location Date acquired Total Checkouts Total Renewals Full call number Barcode Date last seen Date last checked out Price effective from Koha item type
          Military College of Engineering (MCE) Military College of Engineering (MCE) 11/18/2013 6 2 297.63 TAR MCE-39363 12/10/2019 10/15/2019 11/18/2013 Book
© 2023 Central Library, National University of Sciences and Technology. All Rights Reserved.